| 000 -LEADER | |
|---|---|
| fixed length control field | 00402nam a22001697a 4500 |
| 005 - DATE AND TIME OF LATEST TRANSACTION | |
| control field | 20180802153211.0 |
| 008 - FIXED-LENGTH DATA ELEMENTS--GENERAL INFORMATION | |
| fixed length control field | 160622b xxu||||| |||| 00| 0 eng d |
| 020 ## - INTERNATIONAL STANDARD BOOK NUMBER | |
| ISBN | 978-0-07-066020-5 |
| 041 ## - LANGUAGE CODE | |
| Language code of text/sound track or separate title | eng |
| 082 ## - DEWEY DECIMAL CLASSIFICATION NUMBER | |
| Item number | 9171 |
| Classification number | 658.3 |
| 100 ## - MAIN ENTRY--AUTHOR NAME | |
| Personal name | Aswathappa. K. |
| 245 ## - TITLE STATEMENT | |
| Title | Human Resource Management |
| 260 ## - PUBLICATION, DISTRIBUTION, ETC. (IMPRINT) | |
| Name of publisher | TMH |
| Year of publication | 2008 |
| Place of publication | delhi |
| 300 ## - PHYSICAL DESCRIPTION | |
| Number of Pages | 697p, |
| 650 ## - SUBJECT ADDED ENTRY--TOPICAL TERM | |
| Topical Term | Management |
| 942 ## - ADDED ENTRY ELEMENTS (KOHA) | |
| Koha item type | Books |
| Lost status | Damaged status | Collection code | Home library | Current library | Shelving location | Date acquired | Full call number | Accession Number | Koha item type |
|---|---|---|---|---|---|---|---|---|---|
| MANAGEMENT | JRU Library | JRU Library | SHELF-63-D | 22/06/2016 | 658.3 | 9171 | Books | ||
| MANAGEMENT | JRU Library | JRU Library | 22/06/2016 | 658.3 | 9172 | Books | |||
| MANAGEMENT | JRU Library | JRU Library | SHELF-63-D | 22/06/2016 | 658.3 | 9173 | Books | ||
| MANAGEMENT | JRU Library | JRU Library | SHELF-63-D | 22/06/2016 | 658.3 | 9174 | Books |